000 01007nam a2200205 a 4500
008 100622s1981 ||||||||||||||||| || u
050 _aGOV.ZAM(02)1981/8A
110 _aMinistry of Agriculture and Water Development
245 1 0 _aFood strategy study: farm management
260 _aLusaka
_bGRZ
_c1981
300 _a73p.: ill.
350 _a0.00
500 _aConfidential Draft Report for Internal Discussion
650 _aAGRICULTURE
650 _aFOOD SUPPLY--ZAMBIA
710 _aGovernment of the Republic of Zambia (GRZ)
995 _aSPECIAL COLLECTIONS
_e03002067
_FCBU-MAIN LIBRARY (Kitwe)
_I0.00
_jGOV.ZAM(02)1981/8B
_M2
_UAVAILABLE
_WJun 2, 2015
_y03002067
_ZZambiana Collection
995 _aSPECIAL COLLECTIONS
_e03003318
_FCBU-MAIN LIBRARY (Kitwe)
_I0.00
_jGOV.ZAM(02)1981/8C
_M3
_UAVAILABLE
_WJun 2, 2015
_y03003318
_ZZambiana Collection
995 _aSPECIAL COLLECTIONS
_D0.00
_e03006588
_FCBU-MAIN LIBRARY (Kitwe)
_H1
_I0.00
_jGOV.ZAM(02)1981/8A
_M1
_UAVAILABLE
_WJun 22, 2010
_y03006588
_ZZambiana Collection
999 _c63204
_d63204